रक्तरंजित जम्मू कश्मीर / (Record no. 117984)

MARC details
000 -LEADER
fixed length control field 01182nam a22002537a 4500
005 - DATE AND TIME OF LATEST TRANSACTION
control field 20170124103104.0
010 ## - LIBRARY OF CONGRESS CONTROL NUMBER
LC control number B-038426
020 ## - INTERNATIONAL STANDARD BOOK NUMBER
Terms of availability 200.00
International Standard Book Number 8185829993
035 ## - SYSTEM CONTROL NUMBER
System control number B-038426
037 ## - SOURCE OF ACQUISITION
Source of stock number/acquisition Cen Lib/Ret
040 ## - CATALOGING SOURCE
Original cataloging agency DPL
Language of cataloging HN
082 ## - DEWEY DECIMAL CLASSIFICATION NUMBER
Classification number 954.11
Item number जुगरा
100 ## - MAIN ENTRY--PERSONAL NAME
Personal name जुगरान, रवींद्र
9 (RLIN) 77812
245 ## - TITLE STATEMENT
Title रक्तरंजित जम्मू कश्मीर /
Statement of responsibility, etc रवींद्र जुगरान
246 ## - VARYING FORM OF TITLE
Title proper/short title Rakranjit jammu kashmir /
Remainder of title by Ravindra Jugran
260 ## - PUBLICATION, DISTRIBUTION, ETC. (IMPRINT)
Place of publication, distribution, etc दिल्ली
Name of publisher, distributor, etc ज्ञान गंगा
Date of publication, distribution, etc 2001
270 ## - ADDRESS
Address 205-सी, चावडी बाज़ार
City दिल्ली
Postal code 110006
300 ## - PHYSICAL DESCRIPTION
Extent 234पृ. :
Dimensions 21सेमी (सजिल्द)
Other physical details सचित्र
650 ## - SUBJECT ADDED ENTRY--TOPICAL TERM
Topical term or geographic name as entry element भौगोलिक-सांस्कृतिक परिदृश्य--जम्मू कश्मीर
9 (RLIN) 77813
650 ## - SUBJECT ADDED ENTRY--TOPICAL TERM
Topical term or geographic name as entry element आतंकवाद का समाज पर प्रभाव
9 (RLIN) 77814
650 ## - SUBJECT ADDED ENTRY--TOPICAL TERM
Topical term or geographic name as entry element Geo-cultural landscape --J & K
9 (RLIN) 77815
650 ## - SUBJECT ADDED ENTRY--TOPICAL TERM
Topical term or geographic name as entry element The impact of terrorism on society
9 (RLIN) 77816
942 ## - ADDED ENTRY ELEMENTS (KOHA)
Source of classification or shelving scheme Dewey Decimal Classification
Koha item type Hindi Books
Classification part 954.11
Call number suffix जुगरा
Holdings
Withdrawn status Lost status Damaged status Not for loan Home library Current library Date acquired Source of acquisition Cost, normal purchase price Total Checkouts Full call number Barcode Date last seen Date checked out Copy number Cost, replacement price Price effective from Koha item type
        Central Library Central Library 09/09/2015 Cen Lib/Ret 200.00 3 954.11 जुगरा B-038426 12/11/2022 02/07/2021 1 200.00 09/09/2015 Hindi Books

© Delhi Public Library
Hit Counter
free hit counter